| 000 | 00544cam a22001457a 4500 | ||
|---|---|---|---|
| 008 | 180718b2005 xxu||||| |||| 00| 0 eng d | ||
| 082 | _aAPPPA/2004-05/AGG/1 | ||
| 100 | _aHarshprabha | ||
| 245 |
_aTechnology specific digital signature in it act & trends towards technology neutralisation _cby Harshprabha |
||
| 260 |
_aNew Delhi _bIndian Institute of Public Administration _c2005 |
||
| 300 | _a90p. | ||
| 500 | _aAn APPPA M.Phil dissertation, 2004-05 (Guide: J.C. Kapur) | ||
| 650 | _aTechnology neutralisation | ||
| 650 | _aTechnology specific | ||
| 999 |
_c493124 _d493124 |
||